Leichte Potpourris über beliebteste Opern & Operetten. für Pianoforte / 5. Band :

Hlavní autor: Spindler, Franz, 1845-1912
Další autoři: Lecocq, Charles, 1832-1918, Offenbach, Jacques, 1819-1880, Strauss, Johann, 1825-1899, Suppé, Franz von, 1819-1895, Gounod, Charles, 1818-1893, Kretschmer, Edmund, 1830-1908
Jazyk: Nelze použít, není lingvistický obsah
Vydáno: Hannover : Steingräber Verlag, [1882?]
Témata:
Fyzický popis: 1 partitura (47 stran)
Hudebniny Hudebniny
Uloženo v:
LEADER 01976ncm a2200409 i 4500
001 001749582
003 CZ BrMZK
005 20200615072827.0
008 200518s1882 gw zza g |||||||| zxx d
040 |a BOA001  |b cze  |e rda 
048 |a ka01 
072 7 |a 786  |x Hudba pro klávesové nástroje  |2 Konspekt  |9 9 
080 |a 786.2  |2 MRF 
080 |a 786.2.083.83  |2 MRF 
080 |a 78.089.6  |2 MRF 
100 1 |a Spindler, Franz,  |d 1845-1912  |7 mzk2014853044  |4 cmp 
245 1 0 |a Leichte Potpourris über beliebteste Opern & Operetten.  |n 5. Band :  |b für Pianoforte /  |c von Franz Spindler ; Lecocq, Offenbach, Strauss, Suppé, Gounod, Kretschmer 
264 1 |a Hannover :  |b Steingräber Verlag,  |c [1882?] 
300 |a 1 partitura (47 stran) 
336 |a zápis hudby  |b ntm  |2 rdacontent 
337 |a bez média  |b n  |2 rdamedia 
338 |a svazek  |b nc  |2 rdacarrier 
382 0 |a klavír  |n 1  |s 1 
505 0 0 |t Giroflé-Girofla /  |r Lecocq --  |t Schöne Helena /  |r Offenbach --  |t Pariser Leben /  |r Offenbach --  |t Hochzeit bei der Laterne /  |r Offenbach --  |t Indigo /  |r Strauss --  |t Prinz Methusalem /  |r Strauss --  |t Carneval in Rom /  |r Strauss --  |t Fatinitza /  |r Suppé --  |t Boccaccio /  |r Suppé --  |t Flotte Bursche /  |r Suppé --  |t Romeo u. Julia /  |r Gounod --  |t Folkunger /  |r Kretschmer 
650 0 7 |a hudba pro klavír  |7 ph114721  |2 czenas 
650 0 7 |a potpourri (klavír)  |7 ph451026  |2 czenas 
655 7 |a partitury pro sólový nástroj  |7 fd201979  |2 czenas 
700 1 |a Lecocq, Charles,  |d 1832-1918  |7 jn20020722487  |4 cmp 
700 1 |a Offenbach, Jacques,  |d 1819-1880  |7 jn19990006230  |4 cmp 
700 1 |a Strauss, Johann,  |d 1825-1899  |7 jn19990008309  |4 cmp 
700 1 |a Suppé, Franz von,  |d 1819-1895  |7 jn19990008364  |4 cmp 
700 1 |a Gounod, Charles,  |d 1818-1893  |7 jn19990002796  |4 cmp 
700 1 |a Kretschmer, Edmund,  |d 1830-1908  |7 mzk2011629722  |4 cmp 
910 |b Mus4-1429.820 
990 |a MU 
991 |b 202006 
996 6 |b 2610826866  |c Mus4-1429.820  |l MZK  |r Sklad / do 1 hodiny  |n 0  |p dar  |w 001808153  |u 000010  |a 1  |e BOA001  |j MZK50  |s P